| 000 | 00649nam a2200193Ia 4500 | ||
|---|---|---|---|
| 999 |
_c14141 _d14141 |
||
| 082 | _a020.954 ALL-F | ||
| 245 | 0 | _aFifty years of librarianship in India past, present and future:seminar papers:twenty ninth all India library conference, Mysore University December 5-9, 1983 | |
| 260 |
_aDelhi _bIndian Library Association _c1983 |
||
| 300 | _a467p. | ||
| 650 |
_aLibrary education _vIndia |
||
| 650 | _aLibrarianship | ||
| 650 |
_aLibraries _vIndia |
||
| 650 |
_aLibrary science _vHistory _zIndia |
||
| 700 | _aMohinder Singh | ||
| 700 | _aMangla, P.B. | ||
| 700 | _aSardana, J.L. | ||
| 710 | _aAll India Library Conference | ||
| 942 |
_cBK _2ddc |
||